[Event "Capablanca Memorial Premier II 35th"]
[Site "Varadero"]
[Date "2000.05.19"]
[Round "10"]
[White "Pecorelli Garcia, Humberto"]
[Black "Delgado Ramirez, Neuris"]
[Result "1/2-1/2"]
[WhiteElo "2412"]
[BlackElo "2443"]
[PlyCount "53"]
[EventDate "2000.05.07"]
[EventType "tourn"]
[EventRounds "13"]
[EventCountry "CUB"]
[EventCategory "8"]
[SourceTitle "CBM 076 Extra"]
[Source "ChessBase"]
[SourceDate "2000.07.11"]
[SourceVersion "1"]
[SourceVersionDate "2000.07.11"]
[SourceQuality "1"]

1. d4 Nf6 2. c4 Nc6 3. Nf3 e6 4. a3 d6 5. Nc3 g6 6. Bg5 h6 7. Bh4 Bg7 8. e3 Ne7
9. Bd3 Nf5 10. Bxf6 Qxf6 11. O-O O-O 12. b4 Qe7 13. b5 a6 14. a4 axb5 15. axb5
Rxa1 16. Qxa1 c5 17. bxc6 bxc6 18. Qa3 c5 19. dxc5 dxc5 20. Ne4 Rd8 21. Bc2 Bb7
22. Rb1 Nd6 23. Qxc5 Bxe4 24. Bxe4 Rc8 25. Qa3 Rxc4 26. Bd3 Rc3 27. Rb3 1/2-1/2

[Event "Capablanca Memorial Premier II 35th"]
[Site "Varadero"]
[Date "2000.05.20"]
[Round "11"]
[White "Delgado Ramirez, Neuris"]
[Black "Matamoros Franco, Carlos S"]
[Result "1-0"]
[WhiteElo "2443"]
[BlackElo "2492"]
[PlyCount "83"]
[EventDate "2000.05.07"]
[EventType "tourn"]
[EventRounds "13"]
[EventCountry "CUB"]
[EventCategory "8"]
[SourceTitle "CBM 076 Extra"]
[Source "ChessBase"]
[SourceDate "2000.07.11"]
[SourceVersion "1"]
[SourceVersionDate "2000.07.11"]
[SourceQuality "1"]

1. e4 e6 2. d4 d5 3. Nd2 c5 4. Ngf3 cxd4 5. Nxd4 Nf6 6. exd5 Qxd5 7. N2f3 Nc6
8. Be2 Be7 9. c4 Qd6 10. O-O O-O 11. Nb5 Qb8 12. Bg5 b6 13. Bh4 Bb7 14. Qc2 Rd8
15. Rad1 Rxd1 16. Rxd1 Qf8 17. a3 Rd8 18. Rxd8 Qxd8 19. Qd3 Qxd3 20. Bxd3 Kf8
21. Bg3 a5 22. Nd2 e5 23. Nc3 Nh5 24. Be4 Nxg3 25. hxg3 g6 26. g4 Nd8 27. Bxb7
Nxb7 28. Nf3 f6 29. Nd5 Bd8 30. g5 f5 31. Nxe5 Bxg5 32. Nxb6 Ke8 33. b4 Bc1 34.
c5 Bxa3 35. c6 Nd6 36. bxa5 Bc5 37. c7 Ke7 38. Nec4 Nc8 39. Nxc8+ Kd7 40. N8d6
Kxc7 41. a6 Kc6 42. Kf1 1-0

[Event "Capablanca Memorial Premier II 35th"]
[Site "Varadero"]
[Date "2000.05.21"]
[Round "12"]
[White "De la Paz Perdomo, Frank"]
[Black "Delgado Ramirez, Neuris"]
[Result "1/2-1/2"]
[WhiteElo "2462"]
[BlackElo "2443"]
[PlyCount "51"]
[EventDate "2000.05.07"]
[EventType "tourn"]
[EventRounds "13"]
[EventCountry "CUB"]
[EventCategory "8"]
[SourceTitle "CBM 076 Extra"]
[Source "ChessBase"]
[SourceDate "2000.07.11"]
[SourceVersion "1"]
[SourceVersionDate "2000.07.11"]
[SourceQuality "1"]

1. e4 c5 2. Nf3 d6 3. d4 cxd4 4. Nxd4 Nf6 5. Nc3 Nc6 6. Bg5 e6 7. Qd2 a6 8.
O-O-O Bd7 9. f4 Be7 10. Nf3 b5 11. Bxf6 gxf6 12. g4 Qb6 13. h4 Na5 14. Nd4 Rc8
15. f5 b4 16. Nb1 b3 17. axb3 Qxd4 18. Qxa5 Qxe4 19. Bd3 Qe3+ 20. Qd2 Qxd2+ 21.
Rxd2 a5 22. Nc3 Rb8 23. Re1 Kf8 24. fxe6 fxe6 25. Rf2 Rb4 26. Bc4 1/2-1/2

[Event "Capablanca Memorial Premier II 35th"]
[Site "Varadero"]
[Date "2000.05.22"]
[Round "13"]
[White "Delgado Ramirez, Neuris"]
[Black "Leyva Proenza, Ricardo"]
[Result "1/2-1/2"]
[WhiteElo "2443"]
[BlackElo "2415"]
[PlyCount "50"]
[EventDate "2000.05.07"]
[EventType "tourn"]
[EventRounds "13"]
[EventCountry "CUB"]
[EventCategory "8"]
[SourceTitle "CBM 076 Extra"]
[Source "ChessBase"]
[SourceDate "2000.07.11"]
[SourceVersion "1"]
[SourceVersionDate "2000.07.11"]
[SourceQuality "1"]

1. e4 e5 2. Nf3 Nc6 3. Bb5 a6 4. Ba4 Nf6 5. Qe2 d6 6. c3 Be7 7. O-O b5 8. Bb3
O-O 9. a4 b4 10. a5 Bb7 11. d3 Nd7 12. Bd5 Rb8 13. Be3 Bf6 14. Nbd2 Ne7 15.
Bxb7 Rxb7 16. d4 bxc3 17. bxc3 Qa8 18. Qc4 h6 19. h3 Rfb8 20. dxe5 Nxe5 21.
Nxe5 dxe5 22. Ra4 Rb5 23. Qxc7 Rc8 24. Qd7 Rxc3 25. Nf3 Qc8 1/2-1/2

[Event "Guillermo Garcia Memorial-B 08th"]
[Site "Santa Clara"]
[Date "2000.05.25"]
[Round "2"]
[White "Delgado Ramirez, Neuris"]
[Black "Del Rio de Angelis, Salvador Gabriel"]
[Result "1/2-1/2"]
[WhiteElo "2443"]
[BlackElo "2463"]
[PlyCount "57"]
[EventDate "2000.05.24"]
[EventType "tourn"]
[EventRounds "14"]
[EventCountry "CUB"]
[EventCategory "9"]
[SourceTitle "CBM 078"]
[Source "ChessBase"]
[SourceDate "2000.10.18"]
[SourceVersion "1"]
[SourceVersionDate "2000.10.18"]
[SourceQuality "1"]

1. e4 e6 2. d4 d5 3. Nd2 Nf6 4. e5 Nfd7 5. c3 c5 6. Bd3 Nc6 7. Ngf3 cxd4 8.
cxd4 f6 9. Ng5 Ndxe5 10. dxe5 fxg5 11. Qh5+ Kd7 12. Nf3 g6 13. Qxg5 Qxg5 14.
Bxg5 Bg7 15. Bf4 g5 16. Bxg5 Nxe5 17. Nxe5+ Bxe5 18. Rc1 Kd6 19. Rc2 Bd7 20.
Bd2 Bc6 21. f4 Bf6 22. O-O h5 23. Bc3 Bxc3 24. bxc3 b5 25. Kf2 h4 26. Rb2 a6
27. Be2 Rag8 28. Bf3 Bd7 29. f5 1/2-1/2

[Event "Guillermo Garcia Memorial-B 08th"]
[Site "Santa Clara"]
[Date "2000.05.26"]
[Round "3"]
[White "Perdomo, Carlos Andres"]
[Black "Delgado Ramirez, Neuris"]
[Result "0-1"]
[WhiteElo "2411"]
[BlackElo "2443"]
[PlyCount "122"]
[EventDate "2000.05.24"]
[EventType "tourn"]
[EventRounds "14"]
[EventCountry "CUB"]
[EventCategory "9"]
[SourceTitle "CBM 078"]
[Source "ChessBase"]
[SourceDate "2000.10.18"]
[SourceVersion "1"]
[SourceVersionDate "2000.10.18"]
[SourceQuality "1"]

1. Nf3 Nf6 2. c4 e6 3. d4 Bb4+ 4. Bd2 c5 5. Bxb4 cxb4 6. g3 O-O 7. Bg2 d6 8.
O-O a5 9. Nbd2 Qc7 10. e3 Na6 11. Ng5 h6 12. Nge4 Nd7 13. Nb3 Rb8 14. Nc1 b6
15. Nd3 Bb7 16. Rc1 e5 17. Nd2 Bxg2 18. Kxg2 f5 19. Kg1 Rbe8 20. Re1 Nab8 21.
Qa4 Nc6 22. dxe5 Ncxe5 23. Nxe5 dxe5 24. Nb3 e4 25. Red1 Ne5 26. c5 Qf7 27.
cxb6 Qh5 28. Nd2 Qe2 29. Nf1 Nf3+ 30. Kg2 Ng5 31. Nd2 f4 32. gxf4 Qg4+ 33. Kh1
Nh3 34. Rf1 Qe2 35. Qd7 Nxf2+ 36. Rxf2 Qxf2 37. Rg1 g5 38. fxg5 Qf7 39. gxh6+
Kh8 40. Qc6 Rd8 41. Qc2 Rd6 42. b7 Qxb7 43. Qc5 Qd5 44. Qxd5 Rxd5 45. Nxe4 Kh7
46. Rc1 Kxh6 47. Rc6+ Kg7 48. Kg2 Rd3 49. Rc5 Rxe3 50. Ng3 Rd3 51. Rxa5 Rd2+
52. Kh3 Rxb2 53. Kg4 Rxh2 54. Nf5+ Kf6 55. Ne3 Ke6 56. Rb5 Re2 57. Rb6+ Kd7 58.
Nd5 Rg2+ 59. Kh3 Rg5 60. Nf6+ Kc7 61. Kh4 Kxb6 0-1

[Event "Guillermo Garcia Memorial-B 08th"]
[Site "Santa Clara"]
[Date "2000.05.28"]
[Round "4"]
[White "Delgado Ramirez, Neuris"]
[Black "Dominguez Perez, Leinier"]
[Result "1-0"]
[WhiteElo "2443"]
[BlackElo "2508"]
[Annotator "Baburin,A"]
[PlyCount "43"]
[EventDate "2000.05.24"]
[EventType "tourn"]
[EventRounds "14"]
[EventCountry "CUB"]
[EventCategory "9"]
[SourceTitle "CBM 078"]
[Source "ChessBase"]
[SourceDate "2000.10.18"]
[SourceVersion "1"]
[SourceVersionDate "2000.10.18"]
[SourceQuality "1"]

1. e4 c5 2. Nf3 d6 3. c3 Nf6 4. Be2 Nc6 5. d4 cxd4 6. cxd4 Nxe4 7. d5 Qa5+ $8 (
7... Ne5 $4 8. Qa4+) 8. Nc3 Nxc3 9. bxc3 Ne5 10. Nxe5 Qxc3+ 11. Bd2 Qxe5 12.
O-O {Black's play is very risky as for two pawns White has ample development.}
a6 13. Bf3 Qd4 14. Rb1 $1 g6 (14... b5 $5) 15. Rb4 Qf6 {[%tqu "En","Why has
huge deal in the development. How to use it?","Target the enemy king.","Hit on
the a4-e8 diagonal.","b4b7","This is the beginning of the end for Black!",4]}
16. Rxb7 $1 Bg7 (16... Bxb7 $4 17. Qa4+ Kd8 18. Ba5+ Kc8 19. Qe8#) 17. Qa4+ Kf8
18. Rc7 Bf5 {[%tqu "En","How to develop White's attack?","Exploit the back
rank weakness in Black's camp.","Try to gain access to the critical c8-square.
","g2g4","This lessens Black's control over the c8-square.",5]} 19. g4 $1 {
This lessens Black's control over the c8-square.} Bd3 $2 (19... Qh4 $142 20.
Bf4 $1 (20. Qc6 $2 Be5 $1)) 20. Rfc1 Rd8 21. Qd7 $1 (21. Rc8 $1 e5 22. Qd7 $18)
21... e5 22. Rc8 1-0

[Event "Guillermo Garcia Memorial-B 08th"]
[Site "Santa Clara"]
[Date "2000.05.29"]
[Round "5"]
[White "Soppe, Guillermo"]
[Black "Delgado Ramirez, Neuris"]
[Result "1/2-1/2"]
[WhiteElo "2466"]
[BlackElo "2443"]
[PlyCount "25"]
[EventDate "2000.05.24"]
[EventType "tourn"]
[EventRounds "14"]
[EventCountry "CUB"]
[EventCategory "9"]
[SourceTitle "CBM 078"]
[Source "ChessBase"]
[SourceDate "2000.10.18"]
[SourceVersion "1"]
[SourceVersionDate "2000.10.18"]
[SourceQuality "1"]

1. d4 Nf6 2. c4 e6 3. g3 d5 4. Bg2 Be7 5. Nf3 dxc4 6. Qa4+ Bd7 7. Qxc4 Bc6 8.
Nc3 a6 9. a3 O-O 10. O-O Nbd7 11. Qd3 b5 12. Be3 Qc8 13. Rac1 1/2-1/2

[Event "Guillermo Garcia Memorial-B 08th"]
[Site "Santa Clara"]
[Date "2000.06.01"]
[Round "7"]
[White "Delgado Ramirez, Neuris"]
[Black "Arencibia Rodriguez, Walter"]
[Result "1/2-1/2"]
[WhiteElo "2443"]
[BlackElo "2529"]
[PlyCount "66"]
[EventDate "2000.05.24"]
[EventType "tourn"]
[EventRounds "14"]
[EventCountry "CUB"]
[EventCategory "9"]
[SourceTitle "CBM 078"]
[Source "ChessBase"]
[SourceDate "2000.10.18"]
[SourceVersion "1"]
[SourceVersionDate "2000.10.18"]
[SourceQuality "1"]

1. e4 c5 2. Nf3 d6 3. Bc4 Nf6 4. d3 e6 5. Bb3 Nbd7 6. O-O b6 7. Re1 Bb7 8. c3
Be7 9. Nbd2 O-O 10. Nf1 b5 11. Ng3 Nb6 12. d4 cxd4 13. cxd4 a5 14. Bg5 h6 15.
Bf4 Nc4 16. Qe2 Qb6 17. Bc2 Rfc8 18. Bd3 d5 19. e5 Ne4 20. Rab1 Qd8 21. Nxe4
dxe4 22. Bxe4 Bxe4 23. Qxe4 Ra7 24. h3 Rac7 25. Red1 Nb6 26. Rbc1 Rxc1 27. Rxc1
Nd5 28. Rxc8 Qxc8 29. Bd2 Bb4 30. Qd3 Bxd2 31. Qxd2 Qc4 32. Qxa5 Qc1+ 33. Kh2
Qf4+ 1/2-1/2

[Event "Guillermo Garcia Memorial-B 08th"]
[Site "Santa Clara"]
[Date "2000.06.02"]
[Round "8"]
[White "Delgado Ramirez, Neuris"]
[Black "Herrera, Irisberto"]
[Result "0-1"]
[WhiteElo "2443"]
[BlackElo "2472"]
[PlyCount "88"]
[EventDate "2000.05.24"]
[EventType "tourn"]
[EventRounds "14"]
[EventCountry "CUB"]
[EventCategory "9"]
[SourceTitle "CBM 078"]
[Source "ChessBase"]
[SourceDate "2000.10.18"]
[SourceVersion "1"]
[SourceVersionDate "2000.10.18"]
[SourceQuality "1"]

1. e4 c5 2. Nf3 d6 3. c3 Nf6 4. Be2 Bd7 5. d3 g6 6. O-O Bg7 7. h3 Nc6 8. Re1
O-O 9. Bf1 e5 10. Na3 h6 11. Nc4 Qc7 12. Ne3 Be6 13. Nh2 Kh7 14. a3 Ne7 15. c4
Nc6 16. Bd2 a5 17. g3 Bd7 18. h4 a4 19. Nf3 Ng4 20. Nxg4 Bxg4 21. Be2 f5 22.
Bc3 Kh8 23. Nd2 Bxe2 24. Qxe2 f4 25. Kh2 Rf7 26. Rg1 Raf8 27. g4 f3 28. Qf1 Nd4
29. Bxd4 exd4 30. h5 Be5+ 31. Kh1 gxh5 32. Qh3 Qe7 33. Qxh5 Qg5 34. Nf1 Qxh5+
35. gxh5 Rf4 36. Rg6 Rh4+ 37. Kg1 Rxh5 38. Ng3 Rh3 39. Nf5 Kh7 40. Rg4 h5 41.
Rg5 Rg8 42. Rxg8 Kxg8 43. b4 Rh2 44. bxc5 dxc5 0-1

[Event "Guillermo Garcia Memorial-B 08th"]
[Site "Santa Clara"]
[Date "2000.06.03"]
[Round "9"]
[White "Del Rio de Angelis, Salvador Gabriel"]
[Black "Delgado Ramirez, Neuris"]
[Result "0-1"]
[WhiteElo "2463"]
[BlackElo "2443"]
[PlyCount "74"]
[EventDate "2000.05.24"]
[EventType "tourn"]
[EventRounds "14"]
[EventCountry "CUB"]
[EventCategory "9"]
[SourceTitle "CBM 078"]
[Source "ChessBase"]
[SourceDate "2000.10.18"]
[SourceVersion "1"]
[SourceVersionDate "2000.10.18"]
[SourceQuality "1"]

1. e4 e5 2. Nf3 Nf6 3. Nxe5 d6 4. Nf3 Nxe4 5. Nc3 Nxc3 6. dxc3 Nc6 7. Bf4 Bg4
8. Be2 Be7 9. h3 Be6 10. Nd4 Nxd4 11. Qxd4 O-O 12. Bd3 d5 13. Be5 c5 14. Qf4
Re8 15. O-O f6 16. Qh4 fxe5 17. Qxh7+ Kf8 18. Bg6 Bf6 19. Bxe8 Qxe8 20. c4 Bg8
21. Qf5 Qe6 22. Qxe6 Bxe6 23. cxd5 Bxd5 24. Rad1 Bc6 25. f3 Re8 26. c3 Bh4 27.
Rd2 Kg8 28. Kh2 Bg5 29. Rdd1 c4 30. Kg3 e4 31. Rfe1 e3 32. Rd4 Bd8 33. Rxc4
Bc7+ 34. Kg4 Bb6 35. a4 a6 36. Rb4 Ba7 37. Rb3 Rd8 0-1

[Event "Guillermo Garcia Memorial-B 08th"]
[Site "Santa Clara"]
[Date "2000.06.05"]
[Round "10"]
[White "Delgado Ramirez, Neuris"]
[Black "Perdomo, Carlos Andres"]
[Result "1-0"]
[WhiteElo "2443"]
[BlackElo "2411"]
[Annotator "Finkel,A"]
[PlyCount "47"]
[EventDate "2000.05.24"]
[EventType "tourn"]
[EventRounds "14"]
[EventCountry "CUB"]
[EventCategory "9"]
[SourceTitle "CBM 078"]
[Source "ChessBase"]
[SourceDate "2000.10.18"]
[SourceVersion "1"]
[SourceVersionDate "2000.10.18"]
[SourceQuality "1"]

{[%mdl 8224]} 1. e4 {Baburin.} e6 2. d4 d5 3. Nd2 dxe4 4. Nxe4 Nd7 5. Nf3 Ngf6
6. Nxf6+ Nxf6 7. Be3 Be7 8. c3 {This variation despite seeming simplicity is
quiet dangerous for black.} (8. Qd2 O-O (8... Nd5 9. Bg5 $5) 9. O-O-O b6 10.
Ne5 Bb7 11. Bb5 $6 Qc8 $1 $13 12. f3 c6 $1 13. Ba4 $6 c5 $2 (13... Nd5 14. c4
Nxe3 15. Qxe3 b5 $1 16. Bc2 bxc4 17. Qe4 f5 18. Qe2 c5 $15) 14. dxc5 $1 bxc5
15. Bg5 Rd8 16. Qa5 $1 $14 {Almasi,Z-Istratescu,A/Budapest zt-plof 1995}) (8.
Bd3 O-O 9. Qd2 b6 10. Ne5 Bb7 11. f3 c5 12. O-O-O Nd5 13. dxc5 bxc5 14. Qf2 Qc7
$36 {[%cal Gc5c3] Doering,S-Kruck,M/GER-ch U15 1997}) 8... O-O 9. Ne5 {I think
that more ambitious is} (9. Bd3 b6 10. Qc2 Bb7 11. O-O-O (11. Ne5 c5 12. f3 $6
h6 13. Rd1 Qc7 14. Qf2 cxd4 15. Bxd4 Bc5 16. O-O Bxd4 $11 {Ostojic,A-Trtanj,T/
CRO-chW 1996}) 11... Qc8 12. h4 c5 13. Ne5 cxd4 14. Bxd4 Rd8 15. Rhe1 Bxg2 $6
16. Rg1 $40 {[%cal Gg1g7] Anka,E-Nielsen,U/Aarhus int 1996}) 9... c5 10. Bd3
cxd4 (10... Qc7 $5) (10... Nd5 11. Qf3 Bf6 (11... Nxe3 12. fxe3 cxd4 13. exd4
$14) 12. Qe4 g6 13. Bh6 Re8 14. O-O cxd4 15. cxd4 $14) 11. Bxd4 Qc7 12. O-O b6
13. Qf3 Bb7 14. Qh3 (14. Qe3 Rfd8 15. Rad1 Bc5 16. Bxc5 bxc5 17. Rfe1 Rd5 $11)
14... Be4 $11 {Black has managed to neutralize white's threats and the
position becomes equal,but some tactical ideas are in the air and black has to
be careful.} 15. Rad1 Bxd3 16. Rxd3 Bc5 17. Qg3 {[%csl Ge5]} Bxd4 ({Bad is} 
17... Rad8 $2 18. Ng4 $1 {[%csl Rc7]} Qxg3 (18... Ne8 $2 19. Nh6+ Kh8 20. Bxg7+
$1 Nxg7 21. Qxc7 $18) 19. Nxf6+ Kh8 $8 20. fxg3 gxf6 (20... Bxd4+ 21. cxd4 gxf6
22. Rxf6) 21. Rxf6 Bxd4+ 22. cxd4 Kg7 23. Rf4 $16 {and white is just a pawn up.
}) 18. Rxd4 Rfd8 19. Rfd1 Rxd4 20. Rxd4 Nd5 ({Once again this move is
impossible:} 20... Rd8 $2 21. Nd7 $1 (21. Nxf7 $2 Rxd4 {[%csl Rg1]} 22. Qxc7
Rd1#) (21. Nc6 Rxd4 22. Nxd4 Qxg3 23. hxg3 $11) 21... Ne8 (21... Rxd7 22. Qxc7
Rxc7 23. Rd8+ Ne8 24. Rxe8#) 22. Nf6+ $1 $18) (20... Rc8 $5) 21. c4 Rc8 (21...
b5 22. b3 bxc4 23. bxc4 (23. Rxc4 Qa5 $17 {[%cal Ga5a2,Ga5e1]}) 23... Rc8 (
23... f6 24. Nd3 Rb8 25. h3 Qxg3 26. fxg3 Ne3 27. c5 $13) 24. Rd1 Nf6 $11) 22.
h3 Nf6 (22... f6 23. cxd5 fxe5 24. Rd1 exd5 25. Rxd5 Qc1+ 26. Kh2 Qxb2 27. Rd7
e4 28. Rxa7 $14) 23. b4 {Baburin: 'White enjoys a small but lasting advantage
due to his control over the d-file and queenside pawn majority.'} Rd8 $4 {
Black finally puts his rook on this ''cursed'' square and game suddenly ends...
Baburin: 'This natural-looking move is in fact a horrible blunder.'} (23... h6
$11) 24. Nd7 $1 (24. Nc6 $1 $18 {Baburin}) 1-0

[Event "Guillermo Garcia Memorial-B 08th"]
[Site "Santa Clara"]
[Date "2000.06.06"]
[Round "11"]
[White "Dominguez Perez, Leinier"]
[Black "Delgado Ramirez, Neuris"]
[Result "1/2-1/2"]
[WhiteElo "2508"]
[BlackElo "2443"]
[PlyCount "97"]
[EventDate "2000.05.24"]
[EventType "tourn"]
[EventRounds "14"]
[EventCountry "CUB"]
[EventCategory "9"]
[SourceTitle "CBM 078"]
[Source "ChessBase"]
[SourceDate "2000.10.18"]
[SourceVersion "1"]
[SourceVersionDate "2000.10.18"]
[SourceQuality "1"]

1. e4 e5 2. Nf3 Nf6 3. Nxe5 d6 4. Nf3 Nxe4 5. d4 d5 6. Bd3 Nc6 7. O-O Be7 8. c4
Nb4 9. Be2 O-O 10. Nc3 Be6 11. Ne5 f6 12. Nf3 c5 13. Be3 Rc8 14. dxc5 Bxc5 15.
Nd4 Nxc3 16. bxc3 Bxd4 17. Bxd4 Nc6 18. c5 b6 19. Be3 bxc5 20. Bxc5 Re8 21. Qa4
Qa5 22. Qxa5 Nxa5 23. Bb5 Nc6 24. Rfe1 Bd7 25. a4 Rxe1+ 26. Rxe1 Na5 27. Bxa7
Bxb5 28. axb5 Rxc3 29. Rb1 Kf7 30. Kf1 Ke6 31. Ke2 Kd6 32. Ra1 Nb3 33. Ra6+ Kc7
34. Ra4 Kb7 35. Be3 Nc5 36. Rd4 Kb6 37. Rxd5 Kxb5 38. Rd6 Ra3 39. Rd5 Rc3 40.
Rd6 Rc2+ 41. Kf3 Rc3 42. Kg4 Rc4+ 43. f4 Rc2 44. Kf3 Rc3 45. Rd8 Ne6 46. Re8
Nc7 47. Rd8 Kc6 48. Ke2 Nd5 49. Kd2 1/2-1/2